Suburbs of Chicago - Sudden Death - Statistics

General Stats
  • This quiz has been taken 20 times
  • The average score is 10 of 25
Answers on the Grid
Answers color-coded by a green-red scale on the quiz's grid according to % correct below.
Galena
Macomb
Belleville
Harrisburg
Alton
Chester
Danville
Rockford
Peoria
Bloomington
Decatur
Quincy
Marion
Cairo
Freeport
Forest Park
New Lenox
South Elgin
Forest View
Forest Park
Aurora
Naperville
Palatine
Berwyn
Carol Stream
Addison
Crystal Lake
McHenry
Batavia
Roselle
Carpentersville
Park Ridge
Waukegan
Phoenix
Lynwood
Crete
Hoffman Estates
Hodgkins
Mokena
Lemont
 
Answer Stats
Answer % Correct
Aurora
58%
Berwyn
58%
Naperville
58%
Palatine
58%
Waukegan
58%
Addison
50%
Park Ridge
50%
South Elgin
50%
Batavia
42%
Carol Stream
42%
Crystal Lake
42%
Hoffman Estates
42%
New Lenox
42%
Forest Park
33%
Forest Park
33%
Lemont
33%
Lynwood
33%
Mokena
33%
Roselle
33%
Carpentersville
25%
Hodgkins
25%
McHenry
25%
Crete
17%
Forest View
17%
Phoenix
0%
No matching quizzes found
Score Distribution
Percent of People with Each Score
Percentile by Number Answered
Your Score History
You have not taken this quiz